[Event "BCF-chT1d 0910 (4NCL) Demotion pool"]
[Site "England"]
[Date "2010.03.28"]
[Round "8.5"]
[White "Redmond, John P"]
[Black "Roset, Christophe"]
[Result "1-0"]
[WhiteElo "2196"]
[BlackElo "2056"]
[PlyCount "65"]
[EventDate "2009.10.24"]
[EventType "team-tourn"]
[EventRounds "4"]
[EventCountry "ENG"]
[SourceTitle "EXT 2011"]
[Source "ChessBase"]
[SourceDate "2010.11.26"]
[SourceVersion "1"]
[SourceVersionDate "2010.11.26"]
[SourceQuality "1"]
[WhiteTeam "South Wales Dragons"]
[BlackTeam "Guildford II"]
[WhiteTeamCountry "ENG"]
[BlackTeamCountry "ENG"]

1. c4 e5 2. Nc3 Nc6 3. Nf3 f5 4. g3 Nf6 5. d4 e4 6. Nh4 Bb4 7. e3 0-0 8. Bd2 Bxc3 9. Bxc3 d5 10. Ng2 Be6 11. b3 Kh8 12. Nf4 Bf7 13. h4 Ne7 14. Be2 dxc4 15. bxc4 c5 16. d5 Nc8 17. Rb1 Nd6 18. Qd2 Qe7 19. Qb2 b6 20. Kf1 Rab8 21. a4 Rb7 22. Kg2 Rfb8 23. h5 Kg8 24. h6 Nde8 25. hxg7 a6 26. Rh6 Bg6 27. Rbh1 Kf7 28. Nxg6 hxg6 29. g8Q+ Kxg8 30. Rxg6+ Kf7 31. Bxf6 Nxf6 32. Rhh6 Ne8 33. Re6 1-0

[Event "BCF-chT1a 0910 (4NCL)"]
[Site "England"]
[Date "2010.02.21"]
[Round "6.5"]
[White "Roset, Christophe"]
[Black "Hanley, Craig"]
[Result "0-1"]
[WhiteElo "2056"]
[BlackElo "2429"]
[PlyCount "34"]
[EventDate "2009.10.24"]
[EventType "team-tourn"]
[EventRounds "7"]
[EventCountry "ENG"]
[SourceTitle "EXT 2011"]
[Source "ChessBase"]
[SourceDate "2010.11.26"]
[SourceVersion "1"]
[SourceVersionDate "2010.11.26"]
[SourceQuality "1"]
[WhiteTeam "Guildford II"]
[BlackTeam "Wood Green Hilsmark Kingfisher"]
[WhiteTeamCountry "ENG"]
[BlackTeamCountry "ENG"]

1. e4 e5 2. f4 exf4 3. Bc4 Nf6 4. Nc3 Bb4 5. e5 d5 6. Bb5+ c6 7. exf6 cxb5 8. Qe2+ Be6 9. Qxb5+ Nc6 10. Qxb7 Rc8 11. Nf3 0-0 12. fxg7 Re8 13. 0-0 d4 14. Ne2 Bc4 15. Nexd4 Nxd4 16. Qxb4 Nxf3+ 17. gxf3 Qg5+ 0-1

[Event "BCF-chT2b 0910 (4NCL)"]
[Site "England"]
[Date "2010.01.17"]
[Round "4.3"]
[White "Roset, Christophe"]
[Black "Eggleston, David"]
[Result "1-0"]
[WhiteElo "2056"]
[BlackElo "2368"]
[PlyCount "81"]
[EventDate "2009.10.24"]
[EventType "team-tourn"]
[EventRounds "11"]
[EventCountry "ENG"]
[SourceTitle "EXT 2010"]
[Source "ChessBase"]
[SourceDate "2010.11.25"]
[SourceVersion "1"]
[SourceVersionDate "2010.11.25"]
[SourceQuality "1"]
[WhiteTeam "Guildford III"]
[BlackTeam "Cheddleton"]
[WhiteTeamCountry "ENG"]
[BlackTeamCountry "ENG"]

1. e4 c5 2. g3 Nc6 3. Bg2 g6 4. Nf3 Bg7 5. 0-0 d6 6. d3 e5 7. Nc3 Nge7 8. a4 0-0 9. Nd2 f5 10. f4 fxe4 11. fxe5 Rxf1+ 12. Qxf1 d5 13. dxe4 d4 14. Qc4+ Kh8 15. Nd5 b6 16. Nf3 Be6 17. Bg5 Qd7 18. Bxe7 Nxe7 19. Ng5 Bh6 20. Nxe6 Qxe6 21. a5 Re8 22. Nxb6 Nc6 23. Qxe6 Rxe6 24. Nd7 Nb4 25. c3 Nc2 26. Rd1 Re7 27. e6 Be3+ 28. Kh1 c4 29. cxd4 Nxd4 30. Bf1 Rxe6 31. Bxc4 Rxe4 32. Rf1 Nf5 33. b3 Rd4 34. Ne5 Re4 35. Nc6 Nd6 36. Bd5 Re8 37. Rf6 Ne4 38. Rf7 Nd6 39. Rd7 Nb5 40. Nd8 a6 41. Nf7+ 1-0

[Event "Lyon"]
[Site "Lyon"]
[Date "2004.09.22"]
[Round "5"]
[White "Roset, Christophe"]
[Black "Rodriguez, Jean Pierre"]
[Result "1-0"]
[WhiteElo "2133"]
[BlackElo "1952"]
[PlyCount "81"]
[EventDate "2004.09.??"]
[EventType "tourn"]
[EventRounds "10"]
[EventCountry "FRA"]
[SourceTitle "CBM 102 Extra"]
[Source "ChessBase"]
[SourceDate "2004.11.03"]
[SourceVersion "1"]
[SourceVersionDate "2004.11.03"]
[SourceQuality "1"]

1. e4 c6 2. d4 d5 3. e5 c5 4. dxc5 e6 5. Be3 Qc7 6. Nf3 Bxc5 7. Bxc5 Qxc5 8. Nc3 Ne7 9. Bd3 Nbc6 10. 0-0 h6 11. Nb5 0-0 12. c3 a6 13. Nbd4 b5 14. b4 Qb6 15. Bc2 Bd7 16. Qd3 Rfc8 17. Nb3 Qc7 18. Nc5 Be8 19. Rfe1 Ng6 20. h4 a5 21. h5 Nf8 22. a3 axb4 23. cxb4 Ra7 24. Rab1 Rca8 25. Rb3 Na5 26. Nxe6 fxe6 27. bxa5 Bxh5 28. Nd4 Rxa5 29. Rc3 Qb7 30. Qh3 Qf7 31. Ree3 b4 32. axb4 Ra1+ 33. Kh2 Qf4+ 34. Rg3 Qxd4 35. Qxh5 Qxf2 36. Rxg7+ Kxg7 37. Rc7+ Kg8 38. Qg4+ Ng6 39. Qxg6+ Kf8 40. Qxh6+ Ke8 41. Qxe6+ 1-0